00421nam a2200157Ia 45000010006000000050017000060080041000230410008000640820015000721000033000872450086001202600009002063000032002156500008002476540008002551353420260306164808.0260306t2016||||xx |||||||||||||| ||spa|| aESP a004.6bP31 aPavón Mariño, PabloeAUT 0aOptimization of computer networks - modeling and algorithms:ba hands-on approach c2016 axx, 375 páginas :c25 cm. aGEN aCHU